000 00308nam a2200145Ia 4500
008 100122s9999 xx 000 0 und d
082 _b42603
_a823
100 _aMILLER REX
245 _aSLOB
260 _bPAN BOOKS LIMITED
_c1988
300 _a301
630 _aSLOB
730 _aSLOB
942 _cBOOK
999 _c372828
_d372825